000 01263nam a2200337Ia 4500
001 ebr10160345
003 CaPaEBR
006 m u
007 cr cn|||||||||
008 060919s2007 enka sb 001 0 eng d
015 _aGBA682082
_2bnb
020 _z9780750681704 (pbk.) :
020 _z0750681705 (pbk.) :
040 _aCaPaEBR
_cCaPaEBR
035 _a(OCoLC)162131464
050 1 4 _aTK7867.2
_b.W52 2007eb
082 0 4 _a621.38224
_222
100 1 _aWilliams, Tim,
_d1954-
245 1 0 _aEMC for product designers
_h[electronic resource] /
_cTim Williams.
250 _a4th ed.
260 _aOxford :
_bNewnes,
_c2007.
300 _axiv, 498 p. :
_bill.
500 _aPrevious ed.: 2001.
504 _aIncludes bibliographical references and index.
533 _aElectronic reproduction.
_bPalo Alto, Calif. :
_cebrary,
_d2009.
_nAvailable via World Wide Web.
_nAccess may be limited to ebrary affiliated libraries.
650 0 _aElectromagnetic compatibility.
650 0 _aElectronic apparatus and appliances
_xStandards
_zEurope.
655 7 _aElectronic books.
_2local
710 2 _aebrary, Inc.
856 4 0 _uhttp://site.ebrary.com/lib/rucke/Doc?id=10160345
_zAn electronic book accessible through the World Wide Web; click to view
999 _c243691
_d243691